| 000 | 00415cam a2200169ua 4500 | ||
|---|---|---|---|
| 041 |
_aeng _h |
||
| 082 |
_a828.09 _bTIL/EL |
||
| 100 | _aTillyard, E M W . | ||
| 245 |
_aElizabethan world picture / _cE M W Tillyard. _hTextual Documents |
||
| 250 |
_a1 / _b. |
||
| 260 |
_aLondon : _bChatto and Windus , _c1960. |
||
| 300 | _a108 ; . | ||
| 504 | _a | ||
| 942 | _cBK | ||
| 999 |
_c6949 _d6949 |
||